00963nam a2200229 a 4500001001000000003000900010005001700019008004100036040002500077082002700102100004400129245009600173250001200269260003800281300003600319500007400355600004200429910004100471942001400512952019000526999001700716000033535DO-SdBNP20240927073748.0110331s1995 dr ac 000 |bspa d aDO-SdBNPbspacBNPHU a923.57293bD985B, 19951 a Balaguer, Joaquín,d1906-200297655613aEl centinela de la frontera :bvida y hazañas de Antonio Duvergé /cJoaquín Balaguer. a5a. ed. aSanto Domingo :bCorripio,c1995. a190 p. :bil., retrs. ;c22 cm. aIncluye referencias bibliográficas y notas al pie de las páginas.10aDuvergé, Antonio,d1807-1855934515 aValidado. Control de calidad MMOLINA 2ddccLBS1 0010718PDaPDbPDcHDd2011-08-31iLF1l0o923.57293 D985B, 1995p33535-10r2020-06-25w2020-06-25yLFPDzPerteneció a la biblioteca personal de Germán Emilio Ornes.ZNo se presta c33026d33026